[Event "Barranquilla op 12"]
[Site "Barranquilla"]
[Date "2011.12.30"]
[Round "7"]
[White "Maldonado, Andres Felipe"]
[Black "Ojeda, Jesus David"]
[Result "0-1"]
[WhiteElo "1642"]
[BlackElo "2062"]
[PlyCount "38"]
[EventDate "2011.12.28"]
[EventType "swiss"]
[EventRounds "7"]
[EventCountry "COL"]
[SourceTitle "CBM 146 Extra"]
[Source "ChessBase"]
[SourceDate "2012.02.29"]
[SourceVersion "1"]
[SourceVersionDate "2012.02.29"]
[SourceQuality "1"]

1. e4 e5 2. Bc4 Nf6 3. Nc3 Bc5 4. Nf3 d6 5. h3 Be6 6. Bb3 Nc6 7. d3 a6 8. Bg5 h6 9. Bh4 g5 10. Bxe6 fxe6 11. Bg3 Qe7 12. a3 Nh5 13. Nxe5 Nxg3 14. Rf1 Nxf1 15. Qh5+ Kd8 16. Nxc6+ bxc6 17. Kxf1 Rb8 18. Rb1 Qf6 19. f3 Qd4 0-1